نا صر کا ظمی کی شا عر ی مين پيکر تر ا شی (Record no. 87373)

MARC details
000 -LEADER
fixed length control field 00928nam a22002417a 4500
005 - DATE AND TIME OF LATEST TRANSACTION
control field 20140723114212.0
008 - FIXED-LENGTH DATA ELEMENTS--GENERAL INFORMATION
fixed length control field 140714b xxu||||| |||| 00| 0 Urdu d
010 ## - LCCN (DPL NO)
LC control number UR-128
020 ## - INTERNATIONAL STANDARD BOOK NUMBER
International Standard Book Number 9789350731833
Terms of availability 250.00
035 ## - SYSTEM CONTROL NUMBER
System control number U-128
037 ## - SOURCE OF ACQUISITION
Source of stock number/acquisition BPPD/Pub/Ven
040 ## - CATALOGING SOURCE
Original cataloging agency DPL
Language of cataloging Urdu
082 ## - DEWEY DECIMAL CLASSIFICATION NUMBER
Classification number 840.841
100 ## - MAIN ENTRY--PERSONAL NAME
Personal name سميہ تمکين
245 ## - TITLE STATEMENT
Title نا صر کا ظمی کی شا عر ی مين پيکر تر ا شی
Statement of responsibility, etc سميہ تمکين
246 ## - VARYING FORM OF TITLE
Title proper/short title Nasir Kazmi ki shairi mein peekar tarashi
Remainder of title bySumayya Tamkeen
260 ## - PUBLICATION, DISTRIBUTION, ETC. (IMPRINT)
Place of publication, distribution, etc د ھلی
Name of publisher, distributor, etc ا يجو کيشنل پبليشنگ ہا ؤس
Date of publication, distribution, etc 2013
260 ## - PUBLICATION, DISTRIBUTION, ETC. (IMPRINT)
Name of publisher, distributor, etc Pansy Books(Vender)
270 ## - ADDRESS
Address 3108،و کيل اسٹر يٹ ،کو چہ پنڈ ت ،لال کنو ا ن
City د ھلی
Postal code 110006
Telephone number 23216162،23214465
270 ## - ADDRESS
Address R2,/66/A Somesh Vihar,Chhawala
City New Delhi
Postal code 110071
Telephone number 01125317355
300 ## - PHYSICAL DESCRIPTION
Extent 235ص
Dimensions 22Cm (Hb)
942 ## - ADDED ENTRY ELEMENTS (KOHA)
Source of classification or shelving scheme Dewey Decimal Classification
Item type Urdu Bks
Edition 840.41
Classification part س م ی

No items available.


© Delhi Public Library
Hit Counter
free hit counter